Normal view
MARC view
- Jain, A K
Entry Personal Name
001 - CONTROL NUMBER
- control field: 7597
003 - CONTROL NUMBER IDENTIFIER
- control field: OSt
005 - DATE AND TIME OF LATEST TRANSACTION
- control field: 20250626145022.0
008 - FIXED-LENGTH DATA ELEMENTS
- fixed length control field: 250626|| aca||aabn | a|a d
040 ## - CATALOGING SOURCE
- Original cataloging agency: OSt
- Transcribing agency: OSt
100 ## - HEADING--PERSONAL NAME
- Personal name: Jain, A K
670 ## - SOURCE DATA FOUND
- Source citation: Work cat.: (OSt)11034: Punmia, B C. 7595, Re-inforced concrete structures, Vol-1 / , 1992.
